000 00589nam a2200205 u 4500
005 20210223130542.0
008 080723s1998 ec r 000 0 spa d
020 _a9978804935
035 _aUPN01000157982
049 _aI
050 4 _aPZ74.9
_bC3.2
100 1 _aCasares, Olivia
245 1 3 _aEl cangrejo curioso /
_cOlivia Casares ; il. Tania Márquez H.
260 _aQuito :
_bLibresa,
_c1998.
300 _a24 p. :
_bprincipalmente il. col.
440 0 _aGarabato
650 4 _aCUENTOS INFANTILES ECUATORIANOS
_98911
700 1 _aMárquez H., Tania,
_eil.
905 _aInfantil
999 _c130096
_d130096